Tāj al-ʻarūs min jawāhir al-qāmūs / (Record no. 49299)

MARC details
000 -LEADER
fixed length control field 01370cam a2200313 4500
001 - CONTROL NUMBER
control field ne 67000037
003 - CONTROL NUMBER IDENTIFIER
control field DLC
005 - DATE AND TIME OF LATEST TRANSACTION
control field 20260227111828.0
008 - FIXED-LENGTH DATA ELEMENTS--GENERAL INFORMATION
fixed length control field 840723m19659999ku bd f000 0 arar
010 ## - LIBRARY OF CONGRESS CONTROL NUMBER
LC control number ne 67000037
040 ## - CATALOGING SOURCE
Original cataloging agency DLC
Transcribing agency DLC
Modifying agency DLC
050 00 - LIBRARY OF CONGRESS CALL NUMBER
Classification number PJ6620
Item number .M86 1965
100 2# - MAIN ENTRY--PERSONAL NAME
Personal name Murtaḍá al-Zabīdī, Muḥammad ibn Muḥammad,
Dates associated with a name 1732 or 1733-1791.
245 10 - TITLE STATEMENT
Title Tāj al-ʻarūs min jawāhir al-qāmūs /
Statement of responsibility, etc. li-Muḥammad Murtaḍá al-Ḥusaynī al-Zabīdī ; Taḥqīq ʻAbd al-Sattār Aḥmad Farrāj ; Rājaʻatʻhu lajnah fannīyah min Wizārat al-Irshād wa-al-Anbāʼ.
260 ## - PUBLICATION, DISTRIBUTION, ETC.
Place of publication, distribution, etc. [al-Kuwayt] :
Name of publisher, distributor, etc. Maṭbaʻat Ḥukūmat al-Kuwayt,
Date of publication, distribution, etc. 1965-<1997>
300 ## - PHYSICAL DESCRIPTION
Extent v. <1-25, 28-29> ;
Dimensions 31 cm.
490 1# - SERIES STATEMENT
Series statement al-Turāth al-ʻArabī ;
Volume/sequential designation 16
500 ## - GENERAL NOTE
General note Title on p. [4] of cover: Tāj al-ʻarūs.
500 ## - GENERAL NOTE
General note Vols. individually edited by different groups of scholars.
504 ## - BIBLIOGRAPHY, ETC. NOTE
Bibliography, etc. note Includes bibliographical references.
650 #0 - SUBJECT ADDED ENTRY--TOPICAL TERM
Topical term or geographic name entry element Arabic language
Form subdivision Dictionaries.
700 1# - ADDED ENTRY--PERSONAL NAME
Personal name Farrāj, ʻAbd al-Sattār Aḥmad.
700 1# - ADDED ENTRY--PERSONAL NAME
Personal name Ḥulw, ʻAbd al-Fattāḥ Muḥammad.
700 1# - ADDED ENTRY--PERSONAL NAME
Personal name ʻUmar, Aḥmad Mukhtār.
700 1# - ADDED ENTRY--PERSONAL NAME
Personal name Jumʻah, Khālid ʻAbd al-Karīm.
700 1# - ADDED ENTRY--PERSONAL NAME
Personal name Fīrūzābādī, Muḥammad ibn Yaʻqūb,
Dates associated with a name 1329-1414 or 1415.
Title of a work Qāmūs al-muḥīṭ.
740 0# - ADDED ENTRY--UNCONTROLLED RELATED/ANALYTICAL TITLE
Uncontrolled related/analytical title Tāj al-ʻarūs.
830 #0 - SERIES ADDED ENTRY--UNIFORM TITLE
Uniform title Turāth al-ʻArabī (Kuwait) ;
Volume/sequential designation 16.

No items available.

Powered by Koha